000 00729nam a2200205Ia 4500
005 20260121110019.0
008 008 260114s9999 xx 000 0 hin d
020 _a9788132360049
037 _aEBOOK
040 _aCRL
_bhin
_cCRL
041 _ahin
_2hin
084 _qCRL
100 _aसुभाष कोली / Subhash Koli
_9940994
245 0 _aआनुवांशिक अभियंत्रण और मानवता का भविष्य / Anuvanshik Abhiyantriki aur Manavta ka Bhavishya
260 _bभाषा प्रकाशन / Bhasha Prakashan
_c2021
856 _uhttps://bhashaprakashan.com/product-details/382642
942 _cEBOOK
999 _c1532659
_d1532659